Normal view
MARC view
- Brower, David J.,
Entry Personal Name
001 - CONTROL NUMBER
- control field: 30338
003 - CONTROL NUMBER IDENTIFIER
- control field: NUST
005 - DATE AND TIME OF LATEST TRANSACTION
- control field: 20200921100632.0
008 - FIXED-LENGTH DATA ELEMENTS
- fixed length control field: 200921|| aca||aabn | a|a d
040 ## - CATALOGING SOURCE
- Original cataloging agency: NUST
- Transcribing agency: NUST
100 ## - HEADING--PERSONAL NAME
- Personal name: Brower, David J.,
670 ## - SOURCE DATA FOUND
- Source citation: Work cat.: (NUST)0: Schwab, Anna K., author. 30333, Hazard mitigation and preparedness :
